Southville International School and Colleges
Your cart is empty.
  • Cart
  • Lists
    Public lists Eva Luna New books Lux_list list_1
    Your lists Log in to create your own lists
  • Log in to your account
  • Your cookies
  • Search history
Southville International School and Colleges
  • Advanced search
  • Recent comments
  • Most popular
  • Libraries

Log in to your account

Log in with GOOGLE


If you do not have an external account, but do have a local account, you can still log in:

  1. Home
  2. MARC view: Light and shadow in drawing /
Normal view MARC view ISBD view

Light and shadow in drawing / (Record no. 21858)

[ view plain ]
MARC details
000 -LEADER
fixed length control field 00567nam a2200193 a 4500
005 - DATE AND TIME OF LATEST TRANSACTION
control field 20140310183343.0
008 - FIXED-LENGTH DATA ELEMENTS--GENERAL INFORMATION
fixed length control field 070115s19uu xx 00 eng d
020 ## - INTERNATIONAL STANDARD BOOK NUMBER
International Standard Book Number 9780764159909
050 ## - LIBRARY OF CONGRESS CALL NUMBER
Classification number NC 730
Item number .L723 2006
245 ## - TITLE STATEMENT
Title Light and shadow in drawing /
260 ## - PUBLICATION, DISTRIBUTION, ETC. (IMPRINT)
Place of publication, distribution, etc United States :
Name of publisher, distributor, etc Barron's Educational Series Inc,
Date of publication, distribution, etc 2006.
300 ## - PHYSICAL DESCRIPTION
Extent 95 p. :
Other physical details col. ill. ;
Dimensions 24 cm.
521 ## - TARGET AUDIENCE NOTE
Target audience note
650 ## - SUBJECT ADDED ENTRY--TOPICAL TERM
Topical term or geographic name as entry element Drawing
General subdivision Technique.
650 ## - SUBJECT ADDED ENTRY--TOPICAL TERM
Topical term or geographic name as entry element Shades and shadows in art
General subdivision Technique.
650 ## - SUBJECT ADDED ENTRY--TOPICAL TERM
Topical term or geographic name as entry element Light in art
General subdivision Technique.
942 ## - ADDED ENTRY ELEMENTS (KOHA)
Koha item type Books
Source of classification or shelving scheme Library of Congress Classification
Call number prefix Foreign
Holdings
Withdrawn status Lost status Source of classification or shelving scheme Damaged status Home library Current library Shelving location Date acquired Source of acquisition Cost, normal purchase price Total Checkouts Full call number Barcode Date last seen Copy number Price effective from Koha item type
    Library of Congress Classification   College Library College Library General Circulation Section 08/24/2010 Donation 719.00   NC 730 .L723 2006 C8052 05/15/2018 1 10/10/2013 Books

Light and shadow in drawing /

APA

(2006). Light and shadow in drawing. United States: Barron's Educational Series Inc.

Chicago

2006. Light and shadow in drawing. United States: Barron's Educational Series Inc.

Harvard

(2006). Light and shadow in drawing. United States: Barron's Educational Series Inc.

MLA

Light and shadow in drawing. United States: Barron's Educational Series Inc. 2006.

  • Place hold
  • Print
  • Cite
  • Add to your cart (remove)
  • Save record
    BIBTEX Dublin Core MARCXML MARC (non-Unicode/MARC-8) MARC (Unicode/UTF-8) MARC (Unicode/UTF-8, Standard) MODS (XML) RIS
  • More searches
    Search for this title in:
    Other Libraries (WorldCat) Other Databases (Google Scholar) Online Stores (Bookfinder.com) Open Library (openlibrary.org)

Exporting to Dublin Core...

SOUTHVILLE LIBRARY

Southville International School and Colleges Library

1281 Tropical Ave. Cor. Luxembourg St., BF Homes International, Las Pinas City

Tel. No. 8256374 / 252358 Loc. 117/146

Powered by Koha